| 000 | 00763nam a2200229 a 4500 | ||
|---|---|---|---|
| 005 | 20230822063710.0 | ||
| 008 | 170913s2016 es r 000 0 spa d | ||
| 020 | _a9788497849708 | ||
| 035 | _aUPN01000220485 | ||
| 049 | _aCG | ||
| 050 | 4 |
_aLB1051 _bC4.7 |
|
| 245 | 0 | 3 |
_aEl cerebro educado : _bensayos sobre la neuroeducación / _ccomp. Antonio M. Battro ; tr. Verónica Weinstabl. |
| 260 |
_aBarcelona, Esp. : _bGedisa, _c2016. |
||
| 300 |
_a341 p. : _bil., tablas |
||
| 440 | 0 | _aNeurociencia y educación | |
| 534 |
_pTítulo original: _tThe educated brain |
||
| 650 | 4 |
_aPsicología educativa _95197 |
|
| 650 | 4 |
_aAprendizaje _xAspectos fisiológicos _96892 |
|
| 700 | 1 |
_aBattro, Antonio M., _d1936 - _ecomp. _939949 |
|
| 905 | _aLibro | ||
| 999 |
_c192584 _d192584 |
||